LEADER 00485nab a2200145 i 4500 001 000000305449 003 CaOOAMICUS 005 20180831172838.0 008 180831n it uu u0 0ita r 013 $a13627 040 $aSeMil$bita 245 10$aBilancio al 31 dicembre 2006. 700 1 $aSocietą per l'Informazione Religiosa (SIR) .$0(OLS)http://semarc/name/6069 773 0 $tScoutismo.$g[allegato]1-1$w()266989 996 $6245$aBilancio al 31 dicembre 2006.$9(OLS)http://semarc/title/381090 LEADER 01306nam a2200301 i 4500 001 000000111938 003 CaOOAMICUS 005 20030204000000.0 008 030204s1992 it u000 u ita u 013 $a84622 020 $a88-85299-10-5 040 $aSeMil$bita 100 1 $aGreen, Thomas H.$0(OLS)http://semarc/name/41513 245 13$aIl grano e la zizzania :$bil discernimento : punto di incontro tra Preghiera e Azione /$cThomas H. Green. 260 $aRoma :$bCVX,$c1992. 300 $a244 p. ;$c21 cm. 490 0 $aCollana spiritualitą 500 $aCon dedica autografa dell'Autore. - In appendice: Le domande pratiche. - Fondo Card. C.M. Martini. 650 4$aDiscernimento spirituale.$0(OLS)http://semarc/subject/1384 650 4$aVita spirituale.$0(OLS)http://semarc/subject/381 830 0$aSpiritualitą.$0(OLS)http://semarc/title/5897 850 $aSeMil 852 $aSeMil$W1$xVenegono$y1$m3F I 7$j67735$B67735$CSeMilBibl$Z2$F87338 $81 941 1 $a4 961 $aOmaggio: Martini Card. Carlo Maria 996 $6020$a88-85299-10-5$9(OLS)http://semarc/number/94312 996 $6245$aIl grano e la zizzania :$bil discernimento : punto di incontro tra Preghiera e Azione$9(OLS)http://semarc/title/163078 996 $6260$aRoma :$bCVX$9(OLS)http://semarc/publisher/31666